|
|
|
|
| LEADER |
00791nab a2200241 i 4500 |
| 001 |
misc65388 |
| 005 |
20240827102337.0 |
| 008 |
240206s1970 hu o 000 eng d |
| 040 |
|
|
|a SZTE Miscellanea Repozitórium
|b hun
|
| 041 |
|
|
|a eng
|
| 041 |
|
|
|a rus
|
| 100 |
1 |
|
|a Zuev Ûrij Alekseevič
|
| 245 |
1 |
0 |
|a Kirgizi-buruti
|h [elektronikus dokumentum] :
|b k voprosu o totemizme k principah étnonimoobrazovaniâ /
|c Zuev Ûrij Alekseevič
|
| 260 |
|
|
|c 1970
|
| 300 |
|
|
|a 74-86
|c 26 cm
|
| 300 |
|
|
|a [13] p.
|c 26 cm
|
| 490 |
0 |
|
|a Sovetskaâ Étnografiâ
|
| 561 |
|
|
|a Németh Gyula hagyaték
|
| 591 |
|
|
|a NOA 6617
|
| 650 |
|
4 |
|a Társadalomtudományok
|
| 650 |
|
4 |
|a Szociológia
|
| 695 |
|
|
|a Néprajz - kirgiz
|
| 856 |
4 |
0 |
|u http://misc.bibl.u-szeged.hu/65388/1/6617_noa.pdf
|z Dokumentum-elérés
|